Statistiques concernant Trouve les ligues de football

Cliquez ici pour prendre le quiz!

Statistiques générales

  • Ce quiz a été pris 193 fois
    (164 depuis la dernière actualisation)
  • Le résultat moyen est 6 sur 16

Statistiques - réponses

PaysRéponse% Correct
AllemagneBundesliga
94%
FranceLigue 1
93%
AngleterrePremier League
90%
EspagneLa Liga
78%
ItalieSérie A
78%
Etats-UnisMLS
57%
Pays-BasEredivisie
41%
PortugalLiga Portugal
14%
AustralieA-League
12%
JaponJ1 League
4%
MexiqueLiga MX
3%
EcossePremiership
3%
TurquieSüper Liga
2%
BelgiquePremière Division
1%
BrésilSérie A Brésil
1%
ArgentineLiga Argentine
0%

Distribution des résultats

Percentile par nombre de réponses

% des personnes avec chaque résultat

Votre développement - résultats

Vous n’avez pas pris ce quiz depuis la dernière actualisation